Представление документа в формате MARC21

Поле Инд. ПП Название Значение
Тип записи a
Библиографический уровень m
001 Контрольный номер RU/IS/BASE/358859601
005 Дата корректировки 20140703195141.1
040 a Служба первич. каталог. НБ ТвГУ
b Код языка каталог. rus
e Правила каталог. PSBO
041 0_ a Код языка текста rus
080 a Индекс УДК 316.66(043.3)
084 a Индекс другой классификации/Индекс ББК С027.1я031
084 a Индекс другой классификации/Индекс ББК С025.22я031
084 a Индекс другой классификации/Индекс ББК С524.42я031
084 a Индекс другой классификации/Индекс ББК С523я031
090 a Полочн. индекс С027.1
x Авторский знак К 89
100 1_ a Автор Кузьменкова Татьяна Леонидовна
q Полное имя Кузьменкова Т. Л.
245 10 a Заглавие Социально-ценностный статус работника железнодорожного транспорта: социально-философский анализ
b Продолж. заглавия автореф. дис. ... к.ф.н. : 09.00.11
c Ответственность Рос. открытая акад. транспорта ГОУ ВПО "Моск. гос. ун-т путей сообщения", Каф. "Философия, социология и история"
260 a Место издания Москва
c Дата издания 2011
300 a Объем 23 с.
500 a Примечание На правах рукоп.
504 a Библиография Библиогр. в конце кн. (9 назв.) и в подстроч. примеч.
653 a Ключевые слова Авторефераты
a Ключевые слова Аксиология
a Ключевые слова Гражданское общество
a Ключевые слова Духовные ценности
a Ключевые слова Железнодорожный транспорт
a Ключевые слова Иерархия ценностей
a Ключевые слова Работники железнодорожного транспорта
a Ключевые слова Социальная философия
a Ключевые слова Социально-ценностный статус личности
a Ключевые слова Социальный статус
a Ключевые слова Труд и личность
a Ключевые слова Философия
a Ключевые слова Ценности (филос.)
901 t Тип документа m
920 a Оператор Густ
930 a Новая/Ретро авторефераты
952 c Вид литературы А/Р н
954 a Дата поступления на обработку 20110516